| 000 | 00716nam0a22002291 4500 | ||
|---|---|---|---|
| 001 | v19\rc\2090616 | ||
| 005 | 20250620035642.0 | ||
| 035 | _a(NLR Aleph) 005160752 | ||
| 090 |
_a4984446 _c4984446 |
||
| 100 | _a20081218d1914 |||y0rusy50 ca | ||
| 101 | 0 | _arus | |
| 102 | _aRU | ||
| 105 | _ay z ||||| | ||
| 200 | 1 |
_aЛюбовные похождения M-me Вербицкой _e[Новая женщина] _fГраф Амори |
|
| 205 | _a2-е изд. | ||
| 210 |
_aСанкт-Петербург _d1914 |
||
| 316 |
_aЭкземпляр РНБ (38.72.3.54): утрачен _5NLR: 38.72.3.54 |
||
| 801 | 0 |
_aRU _bNLR _gpsbo |
|
| 801 | 1 |
_aRU _bProSoft-M _2rusmarc |
|
| 852 |
_aNLR _j38.72.3.54 |
||
| 942 | _cBOOK | ||
| 980 | _aNB | ||